Cours de physique Physique corpusculaire; Chapitres 1 à 6

Na minha lista:
Detalhes bibliográficos
Formato: Livro
Idioma:Undetermined
Publicado em: Paris école des Mines de Paris 1999
Assuntos:
Tags: Adicionar Tag
Sem tags, seja o primeiro a adicionar uma tag!
Thư viện lưu trữ: Trung tâm Học liệu Trường Đại học Cần Thơ
LEADER 00495nam a2200169Ia 4500
001 CTU_43927
008 210402s9999 xx 000 0 und d
082 |a 539.722 
082 |b U500/1999 
245 0 |a Cours de physique 
245 0 |b Physique corpusculaire; Chapitres 1 à 6 
260 |a Paris 
260 |b école des Mines de Paris 
260 |c 1999 
650 |a quantum physics 
904 |i Nguyễn Quang Điền, 010911 
980 |a Trung tâm Học liệu Trường Đại học Cần Thơ